Statistics for Countries that come Before their Bordering Countries in Alphabetical Order

Click here to take the quiz!

General Stats

  • This quiz has been taken 139 times
  • The average score is 29 of 39

Answer Stats

#Country% Correct
5Argentina
98%
6Algeria
93%
4Albania
91%
1Canada
91%
4Belgium
90%
2Andorra
89%
4Angola
89%
6Afghanistan
88%
4Armenia
88%
8Austria
87%
2Belize
82%
1Dominican Republic
82%
1Denmark
81%
3Egypt
80%
2Estonia
80%
3Finland
80%
4Benin
77%
1Brunei
77%
2Bhutan
76%
2Bangladesh
75%
1Ireland
75%
2Costa Rica
73%
1East Timor
73%
3Cambodia
71%
3Djibouti
71%
1Lesotho
71%
5Belarus
70%
5Bulgaria
70%
4Botswana
69%
3Bosnia and Herzegovina
68%
6Cameroon
68%
3Burundi
65%
1Gambia
65%
2El Salvador
64%
3Oman
64%
1Portugal
60%
2Qatar
52%
3Malawi
32%
2Moldova
25%

Score Distribution

Percentile by Number Answered

Percent of People with Each Score

Your Score History

You have not taken this quiz